[Event "XXVII SuperGM"]
[Site "Linares ESP"]
[Date "2010.02.16"]
[Round "4"]
[White "Grischuk, A."]
[Black "Vallejo Pons, F."]
[Result "1/2-1/2"]
[WhiteElo "2736"]
[BlackElo "2705"]
[PlyCount "68"]
[EventDate "2010.02.13"]

1. d4 d5 2. c4 c6 3. Nf3 Nf6 4. Nc3 dxc4 5. a4 Bf5 6. Ne5 e6 7. f3 Bb4 8. e4
Bxe4 9. fxe4 Nxe4 10. Bd2 Qxd4 11. Nxe4 Qxe4+ 12. Qe2 Bxd2+ 13. Kxd2 Qd5+ 14.
Kc3 O-O 15. Qe3 b5 16. Be2 Nd7 17. Nxd7 Qxd7 18. Qc5 Qd8 19. Kc2 Qf6 20. Bf3
Qg6+ 21. Kc1 Rad8 22. axb5 cxb5 23. Rxa7 Qf6 24. Re1 Rc8 25. Qe5 Qh6+ 26. Qe3
Qxh2 27. Rb7 c3 28. bxc3 Qd6 29. Kb2 Ra8 30. Rb1 Qa3+ 31. Kc2 Qa2+ 32. Rb2 Qa4+
33. Kc1 Qa1+ 34. Kc2 Qa4+ 1/2-1/2

[Event "XXVII SuperGM"]
[Site "Linares ESP"]
[Date "2010.02.16"]
[Round "4"]
[White "Gashimov, V."]
[Black "Aronian, L."]
[Result "1/2-1/2"]
[WhiteElo "2759"]
[BlackElo "2781"]
[PlyCount "95"]
[EventDate "2010.02.13"]

1. e4 e5 2. Nf3 Nc6 3. Bb5 a6 4. Ba4 Nf6 5. O-O Be7 6. Re1 b5 7. Bb3 O-O 8. h3
Bb7 9. d3 d6 10. a3 Qd7 11. Nbd2 Rfe8 12. c3 d5 13. Nf1 dxe4 14. dxe4 Qxd1 15.
Bxd1 Red8 16. Bc2 Nd7 17. Ne3 f6 18. b4 a5 19. Rb1 axb4 20. cxb4 Nb6 21. Bb3+
Kh8 22. Nd5 Nxd5 23. Bxd5 Rd7 24. Bb2 Nd8 25. Rbd1 c5 26. Bxb7 Rxb7 27. bxc5
Bxc5 28. Rd3 Ne6 29. Rb1 Kg8 30. Kf1 Ra4 31. Nd2 Nf4 32. Rc3 Ba7 33. Bc1 h5 34.
h4 Kh7 35. f3 Bd4 36. Rcb3 Rc7 37. g3 Ne6 38. Rxb5 Be3 39. R5b4 Ra6 40. Nb3
Bxc1 41. Rxc1 Rxc1+ 42. Nxc1 Rxa3 43. Nb3 g5 44. hxg5 Nxg5 45. Ke2 Ra2+ 46. Nd2
Nxf3 47. Kxf3 Rxd2 48. Rb8 1/2-1/2

[Event "XXVII SuperGM"]
[Site "Linares ESP"]
[Date "2010.02.18"]
[Round "5"]
[White "Vallejo Pons, F."]
[Black "Gashimov, V."]
[Result "0-1"]
[WhiteElo "2705"]
[BlackElo "2759"]
[PlyCount "70"]
[EventDate "2010.02.13"]

1. d4 Nf6 2. c4 e6 3. Nf3 c5 4. d5 d6 5. Nc3 exd5 6. cxd5 g6 7. Bf4 a6 8. a4
Bg7 9. h3 O-O 10. e3 Ne8 11. Be2 Nd7 12. O-O Qe7 13. Qb3 Rb8 14. Nd2 f5 15. Nc4
g5 16. Bh2 f4 17. exf4 gxf4 18. Rfe1 Ne5 19. Ne4 b5 20. axb5 Rxb5 21. Qd1 Rb4
22. Rc1 Nxc4 23. Rxc4 Bxb2 24. Rxb4 cxb4 25. Qc2 Bg7 26. Qxc8 Qxe4 27. Qe6+
Qxe6 28. dxe6 Bc3 29. Rd1 a5 30. Bb5 Nc7 31. Bd7 Rf6 32. Rxd6 b3 33. Rb6 b2 34.
g4 Bb4 35. Rb8+ Rf8 0-1

[Event "XXVII SuperGM"]
[Site "Linares ESP"]
[Date "2010.02.19"]
[Round "6"]
[White "Grischuk, A."]
[Black "Aronian, L."]
[Result "1/2-1/2"]
[WhiteElo "2736"]
[BlackElo "2781"]
[PlyCount "201"]
[EventDate "2010.02.13"]

1. d4 Nf6 2. c4 e6 3. Nf3 d5 4. Nc3 dxc4 5. e4 Bb4 6. Bg5 h6 7. Bxf6 Qxf6 8.
Bxc4 c5 9. O-O cxd4 10. e5 Qd8 11. Ne4 O-O 12. Qe2 Bd7 13. Rfd1 Nc6 14. a3 Be7
15. b4 Qb8 16. Ng3 b5 17. Bxb5 Nxe5 18. Bxd7 Nxd7 19. Nxd4 Ne5 20. Nb3 a6 21.
Ne4 Qb5 22. Qxb5 axb5 23. Nd4 Rfd8 24. Nxb5 Rxd1+ 25. Rxd1 Nc4 26. Nec3 Nxa3
27. Ra1 Bxb4 28. Nb1 Nxb5 29. Rxa8+ Bf8 30. h4 Nc7 31. Rc8 Nd5 32. Nd2 g6 33.
Nc4 Kg7 34. g3 h5 35. Kg2 Bb4 36. Rb8 Kf6 37. Rb7 Bf8 38. Kf3 Bc5 39. Nd2 Kg7
40. Ne4 Be7 41. Ng5 Kf8 42. Ke2 Nf6 43. Kd3 Ng4 44. Nh7+ Ke8 45. Rb8+ Kd7 46.
Ke2 Bd6 47. Rb7+ Ke8 48. Ng5 Nh6 49. Ne4 Nf5 50. Nxd6+ Nxd6 51. Ra7 Kf8 52. Kf3
Kg7 53. Rd7 Nf5 54. Kg2 Kf6 55. f3 Nh6 56. Kh3 g5 57. hxg5+ Kxg5 58. Rd8 Kg6
59. Kg2 Kg7 60. Kf2 Nf5 61. Ra8 Kh7 62. Ra1 Kg6 63. Rg1 Kg5 64. Ke2 Kf6 65. Kd3
Ke5 66. Rg2 Kd5 67. g4 hxg4 68. fxg4 Nd6 69. Rf2 Ke5 70. g5 Nf5 71. Rf1 Kd6 72.
Ra1 Ke7 73. Ra8 Nh4 74. Ke3 Ng6 75. Rg8 Kd7 76. Kf3 Nh4+ 77. Kf4 Ke7 78. Ra8
Nf5 79. Ke4 Nh4 80. Kf4 Nf5 81. Ke5 Ne3 82. Rc8 Nd5 83. Ke4 Kd7 84. Ra8 Ke7 85.
Kf3 Nb6 86. Rb8 Nc4 87. Kg4 Ne3+ 88. Kf4 Nf5 89. Ke5 Ne3 90. Rb7+ Kf8 91. g6
fxg6 92. Kxe6 Nf5 93. Kf6 Ke8 94. Kxg6 Nd6 95. Rh7 Kd8 96. Kf6 Ne8+ 97. Ke6
Nc7+ 98. Kd6 Ne8+ 99. Kc6 Nf6 100. Rf7 Ne8 101. Rd7+ 1/2-1/2

[Event "XXVII SuperGM"]
[Site "Linares ESP"]
[Date "2010.02.19"]
[Round "6"]
[White "Topalov, V."]
[Black "Vallejo Pons, F."]
[Result "1-0"]
[WhiteElo "2805"]
[BlackElo "2705"]
[PlyCount "80"]
[EventDate "2010.02.13"]

1. c4 Nf6 2. Nc3 e5 3. Nf3 Nc6 4. g3 d5 5. cxd5 Nxd5 6. Bg2 Nb6 7. a3 g5 8. d3
g4 9. Nd2 h5 10. b4 h4 11. Bb2 Rh6 12. Nb3 Nd4 13. Nc5 c6 14. e3 Ne6 15. O-O
hxg3 16. fxg3 Nxc5 17. bxc5 Bxc5 18. Qe2 Be7 19. Rad1 f5 20. Qf2 Be6 21. e4 Rh5
22. Ne2 Qc7 23. exf5 Rxf5 24. Qe3 Na4 25. Qh6 Kd7 26. Rxf5 Nxb2 27. Rdf1 Bxf5
28. Rxf5 Nxd3 29. h4 Qd6 30. Qg7 Qxa3 31. Kh2 a5 32. Rf7 a4 33. h5 Ne1 34.
Qxg4+ Kc7 35. Qe6 Re8 36. Qxe5+ Kb6 37. Rf5 Qb4 38. Qe3+ Bc5 39. Qxe8 Nxg2 40.
Kxg2 a3 1-0

[Event "XXVII SuperGM"]
[Site "Linares ESP"]
[Date "2010.02.20"]
[Round "7"]
[White "Gashimov, V."]
[Black "Topalov, V."]
[Result "1/2-1/2"]
[WhiteElo "2759"]
[BlackElo "2805"]
[PlyCount "84"]
[EventDate "2010.02.13"]

1. e4 e5 2. Nf3 Nc6 3. Bb5 Nf6 4. O-O Bc5 5. Nxe5 Nxe4 6. Qe2 Nxe5 7. Qxe4 Qe7
8. d4 Nc6 9. Qg4 h5 10. Qg3 Bxd4 11. Nc3 O-O 12. Nd5 Qe4 13. Qg5 Qe5 14. c3 Bb6
15. a4 Re8 16. Qxe5 Rxe5 17. Nxb6 cxb6 18. Bf4 Re4 19. Bd6 a6 20. Bd3 Re6 21.
Rfe1 g6 22. Rxe6 dxe6 23. Bc7 e5 24. Bxb6 Be6 25. h4 Rc8 26. a5 Ne7 27. Rd1 f5
28. Re1 Nc6 29. f3 Kf7 30. Kf2 Nb8 31. g3 Nd7 32. Ba7 Bb3 33. Re2 Bc4 34. Ke3
Ke6 35. Re1 Bb3 36. Kd2 Nc5 37. Bb6 Rc6 38. Re3 Nd7 39. Ba7 Rd6 40. Kc1 Rd5 41.
c4 Rxa5 42. Bxf5+ gxf5 1/2-1/2

[Event "XXVII SuperGM"]
[Site "Linares ESP"]
[Date "2010.02.20"]
[Round "7"]
[White "Aronian, L."]
[Black "Vallejo Pons, F."]
[Result "1/2-1/2"]
[WhiteElo "2781"]
[BlackElo "2705"]
[PlyCount "96"]
[EventDate "2010.02.13"]

1. Nf3 d5 2. d4 Nf6 3. c4 c6 4. e3 Bf5 5. Nc3 e6 6. Nh4 Bg4 7. Qb3 Qc7 8. Bd2
Bh5 9. Rc1 dxc4 10. Bxc4 Be7 11. h3 Qb6 12. g3 Nbd7 13. O-O Nd5 14. Ng2 Bg6 15.
f3 O-O 16. Ne2 a5 17. a3 Qa7 18. Nef4 Nxf4 19. Nxf4 e5 20. Nxg6 hxg6 21. dxe5
Nxe5 22. Be2 Rad8 23. Qc3 Rd5 24. f4 Rfd8 25. fxe5 Rxd2 26. Rce1 b5 27. Rf2 Bc5
28. Bf1 b4 29. Rxd2 bxc3 30. Rxd8+ Kh7 31. bxc3 Qe7 32. Rd3 Qxe5 33. Kg2 Bxa3
34. e4 Bd6 35. Rf3 Qc5 36. e5 Bxe5 37. Re4 f5 38. Rc4 Qb6 39. g4 f4 40. h4 Qb2+
41. Kh3 Bb8 42. h5 gxh5 43. Bd3+ Kg8 44. gxh5 Qc1 45. Be4 c5 46. Kg2 Qd2+ 47.
Rf2 Qd7 48. Bf3 Qf5 1/2-1/2

[Event "XXVII SuperGM"]
[Site "Linares ESP"]
[Date "2010.02.21"]
[Round "8"]
[White "Grischuk, A."]
[Black "Gashimov, V."]
[Result "1-0"]
[WhiteElo "2736"]
[BlackElo "2759"]
[PlyCount "79"]
[EventDate "2010.02.13"]

1. d4 Nf6 2. c4 e6 3. Nf3 c5 4. d5 d6 5. Nc3 exd5 6. cxd5 g6 7. g3 Bg7 8. Bg2
O-O 9. O-O Re8 10. Bf4 Na6 11. Re1 Bg4 12. Qb3 Nh5 13. Bg5 Qd7 14. Nd2 h6 15.
Be3 Bf5 16. Nc4 Nb4 17. Rac1 Rab8 18. a4 b6 19. Nb5 Bf8 20. Bd2 a6 21. Nbxd6 b5
22. Nxe8 bxc4 23. Qxc4 Rxe8 24. Bxb4 cxb4 25. e4 Bg4 26. e5 Qf5 27. e6 fxe6 28.
dxe6 Be7 29. f3 Bh3 30. g4 Qg5 31. Bxh3 Nf4 32. Bf1 Rf8 33. Qc7 h5 34. Qe5 Qh4
35. Re4 Nh3+ 36. Bxh3 Qxh3 37. Qg3 hxg4 38. Qxh3 gxh3 39. Kf2 Rd8 40. Ke2 1-0

[Event "XXVII SuperGM"]
[Site "Linares ESP"]
[Date "2010.02.23"]
[Round "9"]
[White "Grischuk, A."]
[Black "Topalov, V."]
[Result "1-0"]
[WhiteElo "2736"]
[BlackElo "2805"]
[PlyCount "111"]
[EventDate "2010.02.13"]

1. d4 Nf6 2. c4 e6 3. Nf3 b6 4. g3 Ba6 5. b3 Bb4+ 6. Bd2 Be7 7. Nc3 O-O 8. Rc1
Ba3 9. Rc2 Nc6 10. Bg5 h6 11. Bxf6 Qxf6 12. Bg2 d5 13. O-O dxc4 14. bxc4 Rad8
15. Rd2 Bb4 16. Qb3 Bxc3 17. Qxc3 Na5 18. c5 Nc4 19. Rc2 bxc5 20. Qb3 cxd4 21.
Rxc4 Rb8 22. Qc2 Bxc4 23. Qxc4 e5 24. Qxc7 Rfe8 25. Qxa7 Rb2 26. Re1 g6 27. a4
Rd8 28. Qa5 e4 29. Nd2 e3 30. fxe3 d3 31. Ne4 Qe7 32. exd3 Rxd3 33. Qa8+ Kg7
34. Qc6 f5 35. Nf2 Rdd2 36. Qc3+ Kh7 37. Rf1 Rbc2 38. Qb3 Rb2 39. Qc3 Rbc2 40.
Qb3 Rb2 41. Qc4 h5 42. Qf4 Re2 43. Bf3 Rec2 44. Nd3 Ra2 45. Nb4 Rxa4 46. Nxc2
Rxf4 47. gxf4 Kh6 48. Rb1 Qe6 49. Re1 Qa2 50. Nd4 h4 51. Be2 g5 52. fxg5+ Kxg5
53. Rf1 Kg6 54. Rxf5 Qb1+ 55. Rf1 Qe4 56. Kf2 1-0

[Event "XXVII SuperGM"]
[Site "Linares ESP"]
[Date "2010.02.23"]
[Round "9"]
[White "Gashimov, V."]
[Black "Vallejo Pons, F."]
[Result "1/2-1/2"]
[WhiteElo "2759"]
[BlackElo "2705"]
[PlyCount "58"]
[EventDate "2010.02.13"]

1. e4 c6 2. d4 d5 3. e5 Bf5 4. Nf3 e6 5. Be2 c5 6. Be3 Qb6 7. Nc3 Nc6 8. Bb5 c4
9. Nh4 Bg6 10. O-O Bb4 11. Bxc4 Bxc3 12. bxc3 dxc4 13. d5 Qc7 14. dxc6 Qxc6 15.
Nf3 Ne7 16. Nd4 Qd5 17. Bg5 Nc6 18. Nxc6 bxc6 19. Qxd5 cxd5 20. Rfb1 d4 21. Rb4
dxc3 22. Rxc4 O-O 23. Rxc3 Rfc8 24. Rxc8+ Rxc8 25. Rd1 Bxc2 26. Rd8+ Rxd8 27.
Bxd8 a6 28. a3 Bb3 29. Be7 Bc2 1/2-1/2